000 00836nam a2200181Ia 4500
008 090630s9999 xx 000 0 und d
082 _b27629
100 _aबोरकर प्रमिला.
245 _aमराठी - हिंदी - इंग्रजी तुलनात्मक व्याकरण.
_cबोरकर प्रमिला.
260 _bनंदिनी - पुणे.
_c2006
300 _a96
600 _aबोरकर प्रमिला.
630 _aमराठी - हिंदी - इंग्रजी तुलनात्मक व्याकरण.
655 _aइतर.
700 _aबोरकर प्रमिला.
730 _aमराठी - हिंदी - इंग्रजी तुलनात्मक व्याकरण.
942 _cBOOK
999 _c279485
_d279485